000 00474nam a2200133 a 4500
008 120416s9999 ||||||||||||||||| || u
050 _aTHESIS
100 _aKilembe, Susan
245 1 4 _aThe performance of South African investment in the Zambian Supermarket industry
246 _athe case of Shoprite
260 _a2003
350 _a0.00
995 _D0.00
_FCBU-MAIN LIBRARY (Kitwe)
_H1
_I0.00
_UAVAILABLE
_ZUniversity Collection
999 _c53356
_d53356